| 000 | 00413nam a2200157Ia 4500 | ||
|---|---|---|---|
| 005 | 20250429102952.0 | ||
| 008 | 231217s9999 xx 000 0 und d | ||
| 020 | _a9780131838802 | ||
| 082 | _a1.64 | ||
| 100 | _aNULL | ||
| 245 | 0 | _aClient server software testing on the desktop and the web | |
| 260 |
_c2000 _bPHI _aUS |
||
| 300 | _axix+342 | ||
| 650 | _aClient,server,software,testing,desktop | ||
| 942 | _cAA | ||
| 999 |
_c182459 _d182459 |
||